000
00323nam a2200121Ia 4500
008
220204s9999 xx 000 0 und d
082
_a
630*2
_b
NEG
100
_a
NEGI, S S
245
0
_a
Elements of general silviculture
260
_a
Dehra Dun
_b
International Book Distributors
_c
1988
650
_a
Silviculture
942
_c
BK
999
_c
40073
_d
40073